Piłkarska kariera Alvaro Moraty - Statystyki

Ogólne statystyki
  • Ten quiz został rozwiązany 193 razy
  • Średni wynik to 8 z 10
Statystyki odpowiedzi
Lata Drużyna % Poprawnych
2013-2014 Real Madryt
95%
2016-2017 Real Madryt
95%
2019-2020 Atletico Madryt
94%
2020-2020 Atletico Madryt
94%
2021-teraz Atletico Madryt
94%
2014-2016 Juventus
94%
2020-2021 Juventus
94%
2017-2019 Chelsea
83%
2020-2020 Chelsea
83%
2010-2013 Real Madryt Castilla
14%
Nie znaleziono quizów pasujących do podanych kryteriów
Rozkład punktacji
Procent ludzi z każdym wynikiem
Percentyl według liczby udzielonych odpowiedzi
Twoja historia wyników
Nie rozwiązałeś tego quizu